00762nam a2200241Ia 450000100060000000300090000600800410001504000130005604000130006904100130008210000150009510000290011024500340013924500340017325000110020726000090021826000120022726000490023930000570028850001090034565000350045465000310048979332IT-RoPAU130308s9999 xx 000 0 und d aIT-RoPAU cIT-RoPAU aITALIANO aNazio Pino gCodice Aut. SPICS: 27965 aParole della televisione (Le) bParole della Televisione (Le) a1a ed. aROMA bGremese c1989 [1° Ed.:1989 - Ed.Ling.Originale:1989] a"144 p. (prefazione: no ; testo: 144 [pagine: 0-0])" a3500 Voci Ampia e Particolareggiata raccolta di termini Televisivi Ad Uso Soprattutto dei Telespettatori aENCICLOPEDIE DELLA TELEVISIONE eCodice materia Spics: 6951